[Event "Open de Fenain 2009"]
[Site "?"]
[Date "2009.02.21"]
[Round "1.1"]
[White "Fersi, Sofiane"]
[Black "Degraeve, Jean Marc"]
[Result "0-1"]
[WhiteElo "1725"]
[BlackElo "2553"]
[PlyCount "40"]
[EventDate "2009.02.26"]
[SourceDate "2009.03.20"]

1. e4 Nf6 2. Nc3 e5 3. Bc4 d6 4. d4 exd4 5. Qxd4 Nc6 6. Qe3 g6 7. Bd2 Bg7 8.
O-O-O O-O 9. Qg3 Nh5 10. Qe3 Re8 11. Nge2 Nf6 12. Ng3 Be6 13. Bxe6 Rxe6 14. f4
d5 15. Qc5 dxe4 16. Rhe1 Qe8 17. Qc4 e3 18. Bxe3 Rxe3 19. Rf1 Qe6 20. Qb5 Rb8
0-1

[Event "Open de Fenain 2009"]
[Site "?"]
[Date "2009.02.21"]
[Round "1.3"]
[White "Guyon, Jean Paul"]
[Black "Bakalarz, Mietek"]
[Result "0-1"]
[WhiteElo "1712"]
[BlackElo "2326"]
[PlyCount "44"]
[EventDate "2009.02.26"]
[SourceDate "2009.03.20"]

1. d4 Nf6 2. c4 g6 3. Nc3 d5 4. Bf4 Bg7 5. e3 O-O 6. Nf3 c5 7. Bd3 dxc4 8. Bxc4
cxd4 9. Nxd4 a6 10. O-O Nbd7 11. Bg5 Qc7 12. Be2 e5 13. Nf3 b5 14. Rc1 Qb8 15.
Qb3 Bb7 16. Rfd1 Rc8 17. Qb4 e4 18. Nd2 Bf8 19. Qb3 Qe5 20. Bf4 Qf5 21. Nf1 Nc5
22. Qc2 b4 0-1

[Event "Open de Fenain 2009"]
[Site "?"]
[Date "2009.02.21"]
[Round "1.4"]
[White "Soyez, Cyril"]
[Black "Devulder, Pierre"]
[Result "1-0"]
[WhiteElo "2238"]
[BlackElo "1711"]
[PlyCount "61"]
[EventDate "2009.02.26"]
[SourceDate "2009.03.20"]

1. c4 b6 2. Nc3 Bb7 3. Nf3 Nf6 4. g3 e6 5. Bg2 Be7 6. O-O O-O 7. d4 d5 8. cxd5
Nxd5 9. Ne5 Nxc3 10. bxc3 Bxg2 11. Kxg2 c5 12. Ba3 Qc7 13. e3 Nc6 14. Nxc6
Qxc6+ 15. Qf3 Qa4 16. Bb2 Qc2 17. Rab1 Qa4 18. a3 Rab8 19. h4 Rfc8 20. Rfd1
cxd4 21. cxd4 Rc2 22. d5 exd5 23. Qxd5 Rc5 24. Qd7 Qe4+ 25. Kg1 Qb7 26. a4 h6
27. Qg4 Bf8 28. Rd7 Rc7 29. Rbd1 Rxd7 30. Rxd7 Qa6 31. Qf4 1-0

[Event "Open de Fenain 2009"]
[Site "?"]
[Date "2009.02.21"]
[Round "1.5"]
[White "Cheriet, Salim"]
[Black "Platel, Alexandre"]
[Result "0-1"]
[WhiteElo "1710"]
[BlackElo "2205"]
[PlyCount "78"]
[EventDate "2009.02.26"]
[SourceDate "2009.03.20"]

1. e4 c5 2. Nf3 e6 3. d4 cxd4 4. Nxd4 a6 5. Be3 Nf6 6. f3 Qc7 7. Qd2 d5 8. Nc3
Bb4 9. Bd3 e5 10. Nde2 d4 11. Nxd4 exd4 12. Bxd4 Nc6 13. Bxf6 gxf6 14. a3 Qa5
15. O-O Bxc3 16. bxc3 Be6 17. Qh6 Qc5+ 18. Kh1 Qg5 19. Qxg5 fxg5 20. Rab1 O-O-O
21. Rb2 Ne5 22. Rfb1 Nxd3 23. cxd3 Rxd3 24. Rxb7 Rd1+ 25. Rxd1 Kxb7 26. Kg1 Rc8
27. Rc1 Rd8 28. Kf2 Rd2+ 29. Kg3 Kc6 30. h3 a5 31. Rg1 a4 32. h4 gxh4+ 33. Kxh4
Ra2 34. g4 Rxa3 35. f4 Rxc3 36. Ra1 a3 37. f5 Bc4 38. Kg5 a2 39. Kf6 Rf3 0-1

[Event "Open de Fenain 2009"]
[Site "?"]
[Date "2009.02.21"]
[Round "1.6"]
[White "Lebret, Jean Michel"]
[Black "Rodrigues, Michel"]
[Result "1-0"]
[WhiteElo "2167"]
[BlackElo "1690"]
[PlyCount "58"]
[EventDate "2009.02.26"]
[SourceDate "2009.03.20"]

1. e4 e5 2. Nf3 Nc6 3. Bb5 Bc5 4. c3 Nge7 5. O-O O-O 6. d4 exd4 7. cxd4 Bb6 8.
d5 Nb8 9. d6 cxd6 10. Nc3 d5 11. Nxd5 Nxd5 12. Qxd5 d6 13. Bg5 Be6 14. Bxd8
Bxd5 15. Bxb6 Bxe4 16. Bc7 Nc6 17. Bxd6 Rfd8 18. Bxc6 Bxc6 19. Bf4 f6 20. Rfd1
Kf7 21. Nd4 Be8 22. Rac1 Rac8 23. Rxc8 Rxc8 24. Rc1 Rxc1+ 25. Bxc1 a5 26. Kf1
Bd7 27. Ke2 Ke7 28. Bf4 g5 29. Bc7 a4 1-0

[Event "Open de Fenain 2009"]
[Site "?"]
[Date "2009.02.21"]
[Round "1.7"]
[White "Berzin, Serge"]
[Black "Przymusinski, Nicolas"]
[Result "0-1"]
[WhiteElo "1680"]
[BlackElo "2087"]
[PlyCount "96"]
[EventDate "2009.02.26"]
[SourceDate "2009.03.22"]

1. d4 c5 2. c3 Nf6 3. Nf3 d5 4. Bg5 Ne4 5. dxc5 Nxg5 6. Nxg5 e5 7. Nf3 e4 8.
Nd4 e3 9. f3 Bxc5 10. b4 Bd6 11. Qd3 Qh4+ 12. Kd1 Qe7 13. Nf5 Bxf5 14. Qxf5 O-O
15. Qxd5 Rd8 16. Qe4 Bxb4+ 17. Kc2 Qxe4+ 18. fxe4 Be7 19. g3 Na6 20. Bh3 Nc5
21. Bg2 Rac8 22. Rd1 Rxd1 23. Kxd1 Na4 24. e5 b5 25. Kc2 b4 26. c4 Rxc4+ 27.
Kb3 Nb6 28. Bd5 Rc1 29. Be4 a5 30. Bd3 a4+ 31. Kb2 Rc5 32. a3 Rxe5 33. axb4
Bxb4 34. Na3 Rc5 35. Ka2 Nd5 36. Nc4 Nc3+ 37. Kb2 g6 38. Nxe3 Ra5 39. Nc4 Ra7
40. h3 Nb5 41. Rc1 Be7 42. Rf1 a3+ 43. Ka2 Nc3+ 44. Kb3 a2 45. Ra1 Bf6 46. e4
Bd4 47. Nd6 Ne2 48. Nb5 Bxa1 0-1

[Event "Open de Fenain 2009"]
[Site "?"]
[Date "2009.02.21"]
[Round "1.8"]
[White "Levers, Thierry"]
[Black "Chevance, Gérard"]
[Result "0-1"]
[WhiteElo "1990"]
[BlackElo "1679"]
[PlyCount "91"]
[EventDate "2009.02.26"]
[SourceDate "2009.03.24"]

1. d4 Nf6 2. Nc3 e6 3. Nf3 b6 4. e4 Bb7 5. Bg5 Be7 6. Bd3 d6 7. Qe2 Nbd7 8. O-O
O-O 9. h3 c5 10. Rfd1 Re8 11. a4 a6 12. Qe3 Rc8 13. Nd2 cxd4 14. Qxd4 Rc5 15.
Qe3 Ne5 16. Be2 Rc8 17. f4 Ng6 18. Nc4 d5 19. e5 Bc5 20. Rd4 dxc4 21. Qd2 Qc7
22. exf6 gxf6 23. Bxf6 e5 24. fxe5 Nxe5 25. Qh6 Bf8 26. Qg5+ Ng6 27. Rxc4 Qb8
28. Rxc8 Qxc8 29. h4 h6 30. Qd2 Qe6 31. Rf1 Bc5+ 32. Kh2 Bd6+ 33. g3 Bc8 34.
Rf3 Qh3+ 35. Kg1 Bb7 36. Bf1 Qg4 37. Rd3 Bc5+ 38. Kh2 Qe6 39. Bd4 Bxd4 40. Rxd4
Ne5 41. Bg2 Bxg2 42. Kxg2 Qc6+ 43. Kf2 Qf3+ 44. Kg1 Qxg3+ 45. Kh1 Nf3 46. Rd8
0-1

[Event "Open de Fenain 2009"]
[Site "?"]
[Date "2009.02.21"]
[Round "1.9"]
[White "Regniez, Alexiane"]
[Black "Urbaniak, Patrick"]
[Result "0-1"]
[WhiteElo "1678"]
[BlackElo "1987"]
[PlyCount "88"]
[EventDate "2009.02.26"]
[SourceDate "2009.03.24"]

1. c4 c5 2. g3 e5 3. Bg2 Nf6 4. Nc3 Nc6 5. d3 a6 6. a4 d6 7. Bg5 Be7 8. Nf3 O-O
9. O-O Nb4 10. Bxf6 Bxf6 11. Nd2 Rb8 12. Nd5 Nxd5 13. Bxd5 Bh3 14. Bg2 Be6 15.
Ne4 Be7 16. Nc3 f5 17. f4 Bf6 18. Bd5 Bxd5 19. Nxd5 exf4 20. Nxf4 Qd7 21. Rb1
Bd4+ 22. Kg2 b5 23. cxb5 axb5 24. Qb3+ c4 25. dxc4 Qc6+ 26. Qf3 Qxf3+ 27. exf3
bxc4 28. Ne6 Bxb2 29. Nxf8 Kxf8 30. Rf2 c3 31. Rc2 Ra8 32. Rd1 Ke7 33. Rd4 Ra5
34. f4 d5 35. h3 Kd6 36. Kf3 Kc5 37. Ke3 Ra7 38. g4 Re7+ 39. Kd3 Re4 40. Rxe4
fxe4+ 41. Ke3 Kc4 42. a5 Ba3 43. a6 Bc5+ 44. Ke2 d4 0-1

[Event "Open de Fenain 2009"]
[Site "?"]
[Date "2009.02.21"]
[Round "1.10"]
[White "Kocur, Marc"]
[Black "Lemoine, Jean Pierre"]
[Result "1-0"]
[WhiteElo "1913"]
[BlackElo "1673"]
[PlyCount "95"]
[EventDate "2009.02.26"]
[SourceDate "2009.03.24"]

1. e4 e6 2. d4 d5 3. Nd2 c5 4. exd5 exd5 5. Ngf3 Nc6 6. Be2 cxd4 7. O-O Nf6 8.
Nb3 Qc7 9. h3 Bd6 10. Nfxd4 O-O 11. Nb5 Bh2+ 12. Kh1 Qb8 13. N5d4 Nxd4 14. Nxd4
Re8 15. c3 Bf4 16. Bb5 Re7 17. Qf3 Bxc1 18. Raxc1 Re4 19. Rfe1 Qe5 20. Re3 Rxe3
21. Qxe3 Qxe3 22. fxe3 a6 23. Bd3 Ne4 24. Kg1 Nc5 25. Bc2 Bd7 26. Nf5 Bxf5 27.
Bxf5 Re8 28. Rd1 g6 29. Rxd5 b6 30. Bc2 Rxe3 31. Kf2 Re7 32. b4 Ne4+ 33. Bxe4
Rxe4 34. Rd6 Re6 35. Rxe6 fxe6 36. c4 Kf7 37. Ke3 Ke7 38. Ke4 Kd6 39. h4 h6 40.
g4 a5 41. a3 e5 42. h5 g5 43. Kf5 a4 44. Ke4 Kc6 45. Kxe5 b5 46. c5 Kd7 47. Kd5
Kc7 48. c6 1-0

[Event "Open de Fenain 2009"]
[Site "?"]
[Date "2009.02.22"]
[Round "2.1"]
[White "Degraeve, Jean Mar"]
[Black "Deveque, Guillaume"]
[Result "1-0"]
[WhiteElo "2553"]
[BlackElo "1870"]
[PlyCount "77"]
[EventDate "2009.02.26"]
[SourceDate "2009.03.20"]

1. e4 e5 2. Nf3 Nc6 3. Bc4 Bc5 4. c3 Nf6 5. d3 d5 6. exd5 Nxd5 7. O-O Be6 8.
Ng5 O-O 9. Nxe6 fxe6 10. Nd2 Qh4 11. Ne4 Be7 12. a4 Na5 13. Ba2 c5 14. f3 Rad8
15. Qe1 Qh5 16. Be3 b6 17. Rd1 Qe8 18. Ra1 Qg6 19. Qe2 Nb7 20. Bb1 Nd6 21. Bc1
Nxe4 22. dxe4 Nf4 23. Bxf4 Rxf4 24. Ba2 Rff8 25. Rad1 Kf7 26. Qa6 Qg5 27. Qxa7
Qe3+ 28. Kh1 Qe2 29. Rb1 Rd2 30. Rg1 Rfd8 31. Qxb6 R8d6 32. Qb5 Qf2 33. Rbf1
Qe2 34. Qxe2 Rxe2 35. Rb1 Rdd2 36. Bc4 Rf2 37. a5 Rxb2 38. a6 Rxg2 39. Rxb2 1-0

[Event "Open de Fenain 2009"]
[Site "?"]
[Date "2009.02.22"]
[Round "2.2"]
[White "Zerbib, Claude"]
[Black "Simon, Olivier"]
[Result "0-1"]
[WhiteElo "1859"]
[BlackElo "2364"]
[PlyCount "64"]
[EventDate "2009.02.26"]
[SourceDate "2009.03.20"]

1. e4 c5 2. Nf3 g6 3. d4 cxd4 4. Nxd4 Bg7 5. Nc3 Nc6 6. Be3 Nf6 7. f3 O-O 8.
Qd2 d5 9. exd5 Nxd5 10. Nxc6 bxc6 11. Bd4 Bxd4 12. Qxd4 Qa5 13. Qa4 Qc5 14.
Nxd5 cxd5 15. O-O-O e5 16. Qb5 Qe3+ 17. Kb1 Be6 18. Bd3 Qf2 19. Rhg1 Rab8 20.
Qa5 f5 21. Qc7 e4 22. fxe4 fxe4 23. Rgf1 Qxg2 24. Ba6 Qg5 25. h4 Qd8 26. Rxf8+
Qxf8 27. h5 Rb6 28. hxg6 hxg6 29. Rh1 Bf7 30. Qc3 d4 31. Qxd4 Bxa2+ 32. Kc1
Qf4+ 0-1

[Event "Open de Fenain 2009"]
[Site "?"]
[Date "2009.02.22"]
[Round "2.3"]
[White "Bakalarz, Mietek"]
[Black "Casier, Fabrice"]
[Result "1-0"]
[WhiteElo "2326"]
[BlackElo "1832"]
[PlyCount "101"]
[EventDate "2009.02.26"]
[SourceDate "2009.03.20"]

1. e4 d5 2. exd5 Qxd5 3. Nc3 Qa5 4. d4 c6 5. Bc4 Nf6 6. Nge2 Bf5 7. O-O e6 8.
Ng3 Bb4 9. Nxf5 Qxf5 10. Bd3 Qa5 11. Bd2 O-O 12. a3 Be7 13. Ne4 Qd8 14. c3 Nbd7
15. Bf4 Nxe4 16. Bxe4 Nf6 17. Bc2 Nd5 18. Qd3 g6 19. Bh6 Re8 20. c4 Nc7 21.
Rad1 Bg5 22. Bxg5 Qxg5 23. Qb3 Rab8 24. Qa4 a6 25. Qb4 Red8 26. f4 Qf6 27. Qc5
Ne8 28. Qe5 Qg7 29. Qxg7+ Kxg7 30. Kf2 Nf6 31. h3 h5 32. Ke3 b5 33. b3 a5 34.
Rb1 h4 35. Be4 Nxe4 36. Kxe4 Kf6 37. Rfc1 Rdc8 38. cxb5 cxb5 39. Rc5 b4 40. a4
Rxc5 41. dxc5 Rc8 42. Kd4 Kf5 43. Rf1 Rd8+ 44. Kc4 Ke4 45. c6 Rc8 46. Kb5 Kd5
47. Rd1+ Ke4 48. Kb6 Kxf4 49. Kb7 Re8 50. c7 Kg3 51. Rd2 1-0

[Event "Open de Fenain 2009"]
[Site "?"]
[Date "2009.02.22"]
[Round "2.4"]
[White "Fey, Werner"]
[Black "Soyez, Cyril"]
[Result "0-1"]
[WhiteElo "1810"]
[BlackElo "2238"]
[PlyCount "62"]
[EventDate "2009.02.26"]
[SourceDate "2009.03.20"]

1. e4 c5 2. Nf3 d6 3. d4 cxd4 4. Nxd4 Nf6 5. Nc3 g6 6. f3 Bg7 7. Be3 O-O 8. Qd2
Nc6 9. Bc4 Bd7 10. Bb3 Qa5 11. h4 Rfc8 12. g4 Ne5 13. h5 Rc4 14. Bxc4 Nxc4 15.
Qc1 Qb4 16. a3 Qxb2 17. Qxb2 Nxb2 18. Rb1 Nc4 19. Kf2 Rc8 20. Nd5 Nxd5 21. exd5
Nxe3 22. Kxe3 Rc3+ 23. Ke4 b6 24. Rb3 f5+ 25. gxf5 Rc4 26. Rb4 Bxf5+ 27. Ke3
Bxd4+ 28. Kf4 Be5+ 29. Ke3 Bf4+ 30. Kf2 Rxc2+ 31. Kf1 Bd3+ 0-1

[Event "Open de Fenain 2009"]
[Site "?"]
[Date "2009.02.22"]
[Round "2.5"]
[White "Platel, Alexandre"]
[Black "Fabre, Laurent"]
[Result "1-0"]
[WhiteElo "2205"]
[BlackElo "1800"]
[PlyCount "67"]
[EventDate "2009.02.26"]
[SourceDate "2009.03.20"]

1. e4 e5 2. Nf3 Nc6 3. d4 exd4 4. Nxd4 Bc5 5. Be3 Qf6 6. c3 Nge7 7. Bc4 Ne5 8.
Be2 Qg6 9. O-O O-O 10. Nd2 d6 11. Bh5 Qf6 12. b4 Bb6 13. f4 N5c6 14. N2b3 Nxd4
15. cxd4 Qe6 16. Bf3 Nd5 17. Bd2 Ne7 18. f5 Qd7 19. Qe1 Nc6 20. Be3 f6 21. b5
Ne7 22. a4 a5 23. bxa6 Rxa6 24. a5 Ba7 25. Be2 b5 26. Qg3 Bb7 27. Bh6 Rf7 28.
Bh5 g6 29. fxg6 Nxg6 30. Bxg6 hxg6 31. Qxg6+ Kh8 32. Rf4 d5 33. Rg4 Qd8 34. Bf8
1-0

[Event "Open de Fenain 2009"]
[Site "?"]
[Date "2009.02.22"]
[Round "2.6"]
[White "Brobecker, Alain"]
[Black "Lebret, Jean Michel"]
[Result "0-1"]
[WhiteElo "1773"]
[BlackElo "2167"]
[PlyCount "106"]
[EventDate "2009.02.26"]
[SourceDate "2009.03.20"]

1. d3 c5 2. g3 Nc6 3. Bg2 g6 4. c4 Bg7 5. Nc3 Nf6 6. Bf4 O-O 7. Qd2 Re8 8. Nf3
a6 9. O-O d6 10. Bh6 Bh8 11. Rab1 Rb8 12. a3 b5 13. Ne1 Nd4 14. Nc2 Nb3 15. Qd1
Ng4 16. Be3 bxc4 17. dxc4 Ne5 18. Nb4 cxb4 19. Qxb3 Bf5 20. axb4 Bxb1 21. Nxb1
Qc7 22. Na3 Ng4 23. Bd2 Bd4 24. e3 Bb6 25. Qa4 Qa7 26. Qb3 Ne5 27. Rc1 Rec8 28.
Qc2 e6 29. Qe4 f5 30. Qb1 Qe7 31. b3 Nd7 32. Qd3 Nf6 33. Nc2 e5 34. Bd5+ Kg7
35. Bc3 Rd8 36. Kg2 Nxd5 37. Qxd5 Qb7 38. Rd1 Qxd5+ 39. Rxd5 Kf7 40. Kf3 Ke6
41. Ke2 g5 42. Ne1 Rh8 43. Nf3 Bd8 44. Nxe5 Bf6 45. Ra5 Bxe5 46. Bxe5 dxe5 47.
Rxa6+ Kd7 48. b5 Ra8 49. b4 Rxa6 50. bxa6 Kc6 51. Kd3 Rd8+ 52. Kc3 Kb6 53. b5
Kc5 0-1

[Event "Open de Fenain 2009"]
[Site "?"]
[Date "2009.02.22"]
[Round "2.7"]
[White "Przymusinski, Nicolas"]
[Black "Reenaers, Johan"]
[Result "1-0"]
[WhiteElo "2087"]
[BlackElo "1776"]
[PlyCount "111"]
[EventDate "2009.02.26"]
[SourceDate "2009.03.20"]

1. c4 c6 2. g3 e6 3. Nf3 d5 4. Qc2 Nf6 5. Bg2 Nbd7 6. O-O Be7 7. d3 O-O 8. e4
dxe4 9. dxe4 e5 10. Nc3 Qc7 11. h3 Nb6 12. b3 Be6 13. Be3 Bb4 14. Nh4 Rad8 15.
a3 Be7 16. Nf5 Bxf5 17. exf5 Rd7 18. g4 Rfd8 19. g5 Nh5 20. Ne4 f6 21. Qe2 Nf4
22. Qg4 fxg5 23. Bxf4 exf4 24. h4 h6 25. Bh3 Bf6 26. Rae1 Rf7 27. hxg5 Bxg5 28.
Nxg5 hxg5 29. Qxg5 Nd7 30. f6 Nf8 31. Re7 Nh7 32. Be6 Nxg5 33. Bxf7+ Nxf7 34.
Rxc7 gxf6 35. Rxb7 Rd3 36. Rb1 Ne5 37. Rxa7 Nf3+ 38. Kg2 Nh4+ 39. Kh2 Nf3+ 40.
Kh1 Rd2 41. Kg2 Rd3 42. b4 Nh4+ 43. Kh2 Nf3+ 44. Kh1 Rd4 45. b5 cxb5 46. cxb5
Rd5 47. b6 Rh5+ 48. Kg2 Nh4+ 49. Kf1 Nf3 50. Ke2 Nd4+ 51. Kd3 Nc6 52. b7 Nb8
53. Ra8 Rd5+ 54. Kc4 Rd8 55. Rxb8 Rxb8 56. a4 1-0

[Event "Open de Fenain 2009"]
[Site "?"]
[Date "2009.02.22"]
[Round "2.8"]
[White "Urbaniak, Patrick"]
[Black "Jimenez, Martin"]
[Result "0-1"]
[WhiteElo "1987"]
[BlackElo "1744"]
[PlyCount "93"]
[EventDate "2009.02.26"]
[SourceDate "2009.03.20"]

1. c4 c6 2. Nc3 d5 3. d4 Nf6 4. Nf3 e6 5. e3 Nbd7 6. Be2 Be7 7. O-O O-O 8. c5
Qc7 9. b4 e5 10. dxe5 Nxe5 11. Nd4 a5 12. Ba3 Neg4 13. g3 Qe5 14. Kg2 Ne4 15.
Nxe4 Qxe4+ 16. Bf3 Qg6 17. b5 Ne5 18. bxc6 bxc6 19. Rb1 Nc4 20. Nxc6 Bg5 21.
Bc1 Qxb1 22. Qxd5 Bb7 23. Qxg5 Bxc6 24. Bxc6 Rac8 25. Bd7 Rc7 26. c6 Qe4+ 27.
f3 Qe5 28. Qf4 Qxf4 29. gxf4 Nb6 30. Ba3 Nxd7 31. cxd7 Rd8 32. Bd6 Rcxd7 33.
Be5 Rd2+ 34. Kh3 Rxa2 35. f5 a4 36. Rg1 g6 37. Bf6 Ra8 38. e4 a3 39. f4 Re2 40.
fxg6 fxg6 41. e5 a2 42. Ra1 Kf7 43. Kg3 Rb2 44. Kg4 Rb1 45. f5 gxf5+ 46. Kxf5
Ra5 47. Bd8 0-1

[Event "Open de Fenain 2009"]
[Site "?"]
[Date "2009.02.22"]
[Round "2.9"]
[White "Regniez, Jérémy"]
[Black "Kocur, Marc"]
[Result "0-1"]
[WhiteElo "1740"]
[BlackElo "1913"]
[PlyCount "60"]
[EventDate "2009.02.26"]
[SourceDate "2009.03.20"]

1. d4 d6 2. Nf3 Nf6 3. Bg5 Nbd7 4. e3 e5 5. c3 Be7 6. Nbd2 e4 7. Ng1 c6 8. c4
Qa5 9. Bh4 c5 10. d5 Ne5 11. Bxf6 Bxf6 12. Qc2 Bf5 13. Kd1 Nd3 14. Bxd3 exd3
15. Qb3 O-O 16. e4 Bd7 17. a4 a6 18. Qxd3 Bxb2 19. Ra2 Bxa4+ 20. Ke2 Bf6 21.
Ngf3 Bd1+ 22. Rxd1 Qxa2 23. Rb1 b5 24. cxb5 axb5 25. Rxb5 Rfb8 26. Ke3 Rxb5 27.
Qxb5 g6 28. Nc4 Bd4+ 29. Nxd4 cxd4+ 30. Kf3 d3 0-1

[Event "Open de Fenain 2009"]
[Site "?"]
[Date "2009.02.22"]
[Round "2.10"]
[White "Lechelle, William"]
[Black "Paillard, Maximilien"]
[Result "1-0"]
[WhiteElo "1913"]
[BlackElo "1630"]
[PlyCount "35"]
[EventDate "2009.02.26"]
[SourceDate "2009.03.20"]

1. Nf3 d5 2. e4 dxe4 3. Ng5 Nf6 4. Bc4 e6 5. Nc3 Nc6 6. Ngxe4 b6 7. O-O Bb7 8.
Qf3 Be7 9. Bb5 Nxe4 10. Qxe4 Qd6 11. d4 O-O 12. Bf4 Qd7 13. d5 exd5 14. Nxd5
Qe6 15. Qxe6 fxe6 16. Bxc6 exd5 17. Bxb7 Rad8 18. Bg3 1-0

[Event "Open de Fenain 2009"]
[Site "?"]
[Date "2009.02.22"]
[Round "3.1"]
[White "Kocur, Marc"]
[Black "Degraeve, Jean Marc"]
[Result "0-1"]
[WhiteElo "1913"]
[BlackElo "2253"]
[PlyCount "40"]
[EventDate "2009.02.26"]
[SourceDate "2009.03.18"]

1. e4 Nf6 2. Nc3 e5 3. Nf3 d6 4. d4 exd4 5. Nxd4 Be7 6. Bf4 O-O 7. Be2 Re8 8.
Qd2 Bf8 9. f3 Nbd7 10. g4 Ne5 11. Nf5 b5 12. Bxe5 Rxe5 13. g5 b4 14. gxf6 bxc3
15. Qg5 Bxf5 16. exf5 cxb2 17. Rb1 h6 18. Qh4 Rxf5 19. Rxb2 Rxf6 20. Bd3 Re6+
0-1

[Event "Open de Fenain 2009"]
[Site "?"]
[Date "2009.02.22"]
[Round "3.2"]
[White "Simon, Olivier"]
[Black "Przymusinski, Nicolas"]
[Result "1-0"]
[WhiteElo "2364"]
[BlackElo "2087"]
[PlyCount "75"]
[EventDate "2009.02.26"]
[SourceDate "2009.03.18"]

1. e4 c5 2. Nf3 Nc6 3. c3 d5 4. exd5 Qxd5 5. d4 Bg4 6. dxc5 Qxd1+ 7. Kxd1 e5 8.
b4 e4 9. h3 Bh5 10. g4 exf3 11. gxh5 Nf6 12. Kc2 Be7 13. Nd2 Ne5 14. Bb5+ Nfd7
15. Re1 f6 16. Re3 O-O-O 17. Nxf3 Nxf3 18. Rxf3 Ne5 19. Re3 g5 20. hxg6 Nxg6
21. Bd3 Bf8 22. Bf5+ Kb8 23. Rg3 Rd5 24. Bxg6 hxg6 25. Bf4+ Kc8 26. Rxg6 Rxh3
27. Rg8 Rd8 28. Rd1 Be7 29. Rdxd8+ Bxd8 30. Rg7 a5 31. a3 f5 32. Rf7 Rf3 33.
Rxf5 Rxf2+ 34. Kb3 Be7 35. Re5 b5 36. cxb6 Bd6 37. Be3 Re2 38. Re4 1-0

[Event "Open de Fenain 2009"]
[Site "?"]
[Date "2009.02.22"]
[Round "3.3"]
[White "Bajraktari, Sadik"]
[Black "Bakalarz, Mietek"]
[Result "0-1"]
[WhiteElo "1902"]
[BlackElo "2326"]
[PlyCount "98"]
[EventDate "2009.02.26"]
[SourceDate "2009.03.19"]

1. d4 Nf6 2. c4 d6 3. Nf3 Nbd7 4. g3 e5 5. Bg2 c6 6. O-O g6 7. Nc3 Bg7 8. dxe5
dxe5 9. Qd6 Qe7 10. Qd2 O-O 11. b3 e4 12. Ng5 h6 13. Ngxe4 Nxe4 14. Bxe4 Bxc3
15. Qxc3 Qxe4 16. Bxh6 Qe5 17. Qxe5 Nxe5 18. Bxf8 Kxf8 19. Rad1 Ke7 20. Rd2 Be6
21. Rfd1 a5 22. c5 a4 23. Rd4 Nd7 24. Rc1 axb3 25. axb3 Ra3 26. b4 f5 27. f4
Nf6 28. Rd3 Ra2 29. Kf1 Rb2 30. Rd4 Nd5 31. Kf2 Nxb4 32. h4 Nd5 33. Rdd1 Nf6
34. Rb1 Ne4+ 35. Ke3 Nc3 36. Rbc1 Nxd1+ 37. Rxd1 Rb3+ 38. Rd3 Rb4 39. Rd4 Rb5
40. Kd3 Rxc5 41. e4 Ra5 42. exf5 Ra3+ 43. Ke2 Bxf5 44. Kf2 b5 45. Rd1 b4 46.
Re1+ Kd6 47. Re5 b3 48. h5 b2 49. Re1 gxh5 0-1

[Event "Open de Fenain 2009"]
[Site "?"]
[Date "2009.02.22"]
[Round "3.4"]
[White "Soyez, Cyril"]
[Black "Lechelle, William"]
[Result "1-0"]
[WhiteElo "2238"]
[BlackElo "1913"]
[PlyCount "73"]
[EventDate "2009.02.26"]
[SourceDate "2009.03.19"]

1. c4 b6 2. Nc3 Bb7 3. e4 e5 4. g3 f5 5. Bg2 Nf6 6. d3 Bb4 7. Nge2 O-O 8. O-O
fxe4 9. Nxe4 Nxe4 10. Bxe4 Bxe4 11. dxe4 Nc6 12. Be3 Qe8 13. a3 Be7 14. Nc3 d6
15. Nd5 Bd8 16. b4 Qg6 17. Nxc7 Bxc7 18. Qd5+ Kh8 19. Qxc6 Rac8 20. a4 Qg4 21.
f4 h5 22. Qd5 Bb8 23. Rac1 Rf6 24. Qd1 Qh3 25. f5 Kg8 26. Qe2 Bc7 27. Qg2 Qxg2+
28. Kxg2 Bd8 29. Rfd1 Kf8 30. Rd5 Ke8 31. c5 dxc5 32. Rxe5+ Kf7 33. bxc5 bxc5
34. Rexc5 Rb8 35. Bg5 Ra6 36. Bxd8 Rxd8 37. Rc7+ 1-0

[Event "Open de Fenain 2009"]
[Site "?"]
[Date "2009.02.22"]
[Round "3.5"]
[White "Jimenez, Martin"]
[Black "Platel, Alexandre"]
[Result "0-1"]
[WhiteElo "1744"]
[BlackElo "2205"]
[PlyCount "58"]
[EventDate "2009.02.26"]
[SourceDate "2009.03.19"]

1. d4 Nf6 2. c4 g6 3. Nc3 d5 4. Nf3 Bg7 5. cxd5 Nxd5 6. e4 Nxc3 7. bxc3 O-O 8.
Bd3 c5 9. Be3 Bg4 10. Be2 Nc6 11. e5 Qa5 12. Bd2 Qa3 13. Qb3 Qxb3 14. axb3 cxd4
15. cxd4 Bxf3 16. Bxf3 Nxd4 17. Bxb7 Nc2+ 18. Ke2 Rab8 19. Bd5 Nxa1 20. Rxa1
Rb5 21. Bc4 Rxe5+ 22. Kf1 Rd8 23. Bc3 Re4 24. Bxg7 Kxg7 25. f3 Red4 26. Rxa7
Kf6 27. Rb7 Rd2 28. Rb6+ e6 29. Ra6 Rb2 0-1

[Event "Open de Fenain 2009"]
[Site "?"]
[Date "2009.02.22"]
[Round "3.6"]
[White "Lebret, Jean Michel"]
[Black "Trannoy, Arthur"]
[Result "1-0"]
[WhiteElo "2167"]
[BlackElo "1873"]
[PlyCount "121"]
[EventDate "2009.02.26"]
[SourceDate "2009.03.19"]

1. e4 c5 2. Nc3 g6 3. g3 Bg7 4. Bg2 Nc6 5. d3 Rb8 6. f4 b5 7. e5 f6 8. e6 Nd4
9. exd7+ Qxd7 10. Nf3 Bb7 11. O-O Nh6 12. Ne4 Rc8 13. c3 Nxf3+ 14. Bxf3 f5 15.
Ng5 Bxf3 16. Nxf3 O-O 17. Qe2 Nf7 18. Be3 e5 19. fxe5 Nxe5 20. Nxe5 Bxe5 21.
Rad1 Rfe8 22. Qf2 Qc7 23. d4 cxd4 24. Bxd4 a6 25. Rfe1 Bxd4 26. Qxd4 Rcd8 27.
Rxe8+ Rxe8 28. Kf2 Qe7 29. Qd5+ Kg7 30. Qd7 Kf7 31. Kf3 Qxd7 32. Rxd7+ Re7 33.
Rd6 Re6 34. Rd7+ Re7 35. Rd6 Re6 36. Rd4 Re1 37. a4 Re5 38. axb5 Rxb5 39. b4
Rb6 40. Rd7+ Kf6 41. Ke3 h6 42. Kd4 g5 43. Kc5 Re6 44. Rd4 Re3 45. c4 Re6 46.
b5 axb5 47. cxb5 Ke5 48. Rd1 f4 49. Re1+ Kf6 50. Rxe6+ Kxe6 51. gxf4 gxf4 52.
Kd4 f3 53. Ke3 f2 54. Kxf2 Kd5 55. Kg3 Kc5 56. Kh4 Kxb5 57. Kh5 Kc6 58. Kxh6
Kd5 59. Kg6 Ke6 60. h4 Ke7 61. Kg7 1-0

[Event "Open de Fenain 2009"]
[Site "?"]
[Date "2009.02.21"]
[Round "3.7"]
[White "Jagiello, Robert"]
[Black "Lennaerts, Lennert"]
[Result "0-1"]
[WhiteElo "1616"]
[BlackElo "1582"]
[PlyCount "30"]
[EventDate "2009.02.26"]
[SourceDate "2009.03.19"]

1. e4 d5 2. exd5 Nf6 3. d4 Nxd5 4. c4 Nb4 5. Qa4+ N8c6 6. d5 b5 7. Qxb5 Nc2+ 8.
Kd1 Bd7 9. c5 Nxa1 10. Nd2 Nd4 11. Qd3 Nac2 12. Qc4 Bb5 13. Qc3 Bxf1 14. Nxf1
Qxd5 15. Qd2 Qxg2 0-1

[Event "Open de Fenain 2009"]
[Site "?"]
[Date "2009.02.22"]
[Round "3.8"]
[White "Van De Wynkele, Eric"]
[Black "Montforts, Ton"]
[Result "1-0"]
[WhiteElo "2111"]
[BlackElo "1657"]
[PlyCount "51"]
[EventDate "2009.02.26"]
[SourceDate "2009.03.19"]

1. e4 d5 2. exd5 Nf6 3. c4 c6 4. d4 cxd5 5. Nc3 g6 6. Nf3 Bg7 7. h3 O-O 8. c5
Nc6 9. Bb5 Ne4 10. O-O Nxc3 11. bxc3 Bd7 12. Rb1 Qa5 13. Qb3 a6 14. Bd3 Rfd8
15. Bd2 e5 16. c4 Qc7 17. Qxb7 Qxb7 18. Rxb7 dxc4 19. Be4 exd4 20. Rxd7 Rxd7
21. Bxc6 Rad8 22. Bxd7 Rxd7 23. Rb1 h6 24. Ba5 d3 25. c6 Rd8 26. c7 1-0

[Event "Open de Fenain 2009"]
[Site "?"]
[Date "2009.02.22"]
[Round "3.9"]
[White "Danjou, Jean Claude"]
[Black "Urbaniak, Patrick"]
[Result "0-1"]
[WhiteElo "1650"]
[BlackElo "1987"]
[PlyCount "44"]
[EventDate "2009.02.26"]
[SourceDate "2009.03.19"]

1. e4 c5 2. Nf3 d6 3. d4 cxd4 4. Nxd4 Nf6 5. Nc3 e6 6. Bb5+ Nbd7 7. O-O Be7 8.
Re1 O-O 9. Bd3 a6 10. f4 Qb6 11. Nce2 e5 12. fxe5 dxe5 13. Kh1 Ng4 14. Rf1 exd4
15. Nf4 Ndf6 16. Qf3 Ne3 17. Bxe3 dxe3 18. e5 Ng4 19. Qe4 Qh6 20. Nh3 Bd7 21.
Qxb7 Bc6 22. Qxe7 Qxh3 0-1